000 00506nam a2200193Ia 4500
005 20260429111918.0
008 260429s9999||||xx |||||||||||||| ||und||
020 _a9789393317872
041 _aEnglish
082 _a780.92254
_bPIL
100 _aPillay, Sandesh
245 0 _aStory of Carnatic music /
_cSandesh Pillay
250 _a1st ed.
260 _aNew Delhi :
_bHindi Prakashan,
_c2024.
300 _av, 248 p.; hb
650 _a Carnatic music
650 _aTraditional music
942 _cTB
999 _c51398
_d51398